000 00654nam a22002177a 4500
003 UA-OsUOA
001 67059
007 ta
008 20100209b un ||||| |||| 00| 0 ukr d
100 _aЛаврук В.В.
090 _a330(477)
_bЛ13
942 _cSA
040 _aUA-OsUOA
_bukr
_cUA-OsUOA
_dUA-OsUOA
245 _aРозвиток та інвестування сільськогосподарського виробництва України
300 _aС.95-102
955 _a0
041 _aukr
080 _a330(477)
773 0 _w67057
_tЕкономіка АПК
_dК.
_d2010
_g2
650 7 _a330 Економіка взагалі
_2UDC
999 _c353051
_d353051